| 000 | 01403cam a2200313 ab4500 | ||
|---|---|---|---|
| 999 |
_c3448 _d3448 |
||
| 001 | 2342873 | ||
| 003 | OSt | ||
| 005 | 20240120151134.0 | ||
| 008 | 211213s2019 nyua j 000 0 eng d | ||
| 020 |
_a9781338323214 _q(hbk.) : |
||
| 040 |
_beng _dTCPL _dKH8 _eaacr2 _cTCPL |
||
| 042 | _anbic | ||
| 082 | 0 | _a741.5973 PIL | |
| 100 | 1 |
_aPilkey, Dav, _d1966- _eAuthor |
|
| 245 | 1 | 0 |
_aFetch-22 / _cwritten and illustrated by Dav Pilkey as George Beard and Harold Hutchins with color by Jose Garibaldi. |
| 246 | 3 | 0 | _aFetch-22. |
| 260 |
_aNew York : _bGraphix, an imprint of Scholastic, _c2019. |
||
| 300 |
_a237 p. : _bchiefly ill. ; _c22 cm. |
||
| 490 | 1 |
_aDog man ; _v8. |
|
| 520 | _aPetey the Cat is out of jail, and he has a brand-new lease on life. While Petey's reevaluated what matters most, Li'l Petey is struggling to find the good in the world. Can Petey and Dog Man stop fighting like cats and dogs long enough to put their paws together and work as a team? They need each other now more than ever, Li'l Petey (and the world) is counting on them! | ||
| 600 | 0 | 0 |
_aDog Man _c(Fictitious character) _vComic books, strips, etc. |
| 650 | 0 |
_aDogs _vComic books, strips, etc. |
|
| 650 | 0 |
_aCats _vComic books, strips, etc. |
|
| 650 | 0 |
_aPolice _vComic books, strips, etc. |
|
| 650 | 0 | _aChildren's stories. | |
| 700 | 1 |
_aGaribaldi, Jose. _eIllustrator |
|
| 830 | 0 |
_aDog Man ; _v8. |
|
| 942 |
_2ddc _cFIC |
||